|
|
|
|
| LEADER |
00000nam2a2200000 4500 |
| 001 |
350811 |
| 005 |
20231102010335.0 |
| 035 |
|
|
|a (RuTPU)RU\TPU\retro\5183
|
| 035 |
|
|
|a RU\TPU\retro\5182
|
| 090 |
|
|
|a 350811
|
| 100 |
|
|
|a 20190311d1962 k y0rusy50 ca
|
| 101 |
0 |
|
|a rus
|
| 102 |
|
|
|a RU
|
| 105 |
|
|
|a a z 001zy
|
| 200 |
0 |
|
|a Вып. 50: Контроль-измерительные приборы и регуляторы, разработанные в ГИПХ
|f отв. ред. Н. М. Альбицкий
|
| 210 |
|
|
|d 1962
|
| 215 |
|
|
|a 63 с.
|c ил.
|
| 320 |
|
|
|a Библиогр. в конце ст.
|
| 461 |
|
1 |
|0 (RuTPU)RU\TPU\retro\5037
|t Труды Государственного института прикладной химии
|o [сборник]
|f СССР, Высший совет народного хозяйства (ВСНХ), Научно-техническое управление ; Государственный институт прикладной химии (ГИПХ)
|v Вып. 50: Контроль-измерительные приборы и регуляторы, разработанные в ГИПХ
|d 1927-
|
| 606 |
1 |
|
|a Химия прикладная
|2 stltpush
|3 (RuTPU)RU\TPU\subj\70593
|9 84812
|
| 606 |
1 |
|
|a Химические производства
|x Технологические измерения
|2 stltpush
|3 (RuTPU)RU\TPU\subj\71355
|9 85310
|
| 610 |
1 |
|
|a приборы
|
| 610 |
1 |
|
|a измерения
|
| 610 |
1 |
|
|a расходомеры
|
| 610 |
1 |
|
|a жидкости
|
| 610 |
1 |
|
|a газы
|
| 610 |
1 |
|
|a уровни
|
| 610 |
1 |
|
|a температура
|
| 610 |
1 |
|
|a давление
|
| 610 |
1 |
|
|a жидкие среды
|
| 610 |
1 |
|
|a состав
|
| 610 |
1 |
|
|a электричество
|
| 610 |
1 |
|
|a регулирующие устройства
|
| 675 |
|
|
|a 54
|v 4
|
| 675 |
|
|
|a 66.012.1
|v 4
|
| 702 |
|
1 |
|a Альбицкий
|b Н. М.
|4 340
|
| 801 |
|
1 |
|a RU
|b 63413507
|c 20190227
|
| 801 |
|
2 |
|a RU
|b 63413507
|c 20190311
|g RCR
|
| 942 |
|
|
|c BK
|